| 000 | 00749nam a2200217Ii 4500 | ||
|---|---|---|---|
| 003 | JO-AjNU | ||
| 008 | 230605s9999||||xx |||||||||||||| ||und|| | ||
| 017 | _a1998/14593 | ||
| 020 | _a977-197272-3 | ||
| 040 |
_aJO-AjNU _bara _erda _cJO-AjNU |
||
| 041 | _aara | ||
| 050 | 1 | 4 | _aPJ6131 1998 |
| 100 | 3 |
_aهريدي،عبد المنعم أحمد, _eauthor _933872 |
|
| 245 | 0 | 0 | _aإنباء الأبناء بآخر أنباء تصريف الأسماء |
| 264 | 3 | 1 | _aالقاهرة: دار أبو المجد للطباعة بالهرم،1998 |
| 300 | _a272ص | ||
| 336 |
_atext _btxt _2rdacontent |
||
| 337 |
_aunmediated _bn _2rdamedia |
||
| 338 |
_avolume _bnc _2rdacarrier |
||
| 650 | 4 |
_aاللغة العربية-تصريف الاسماء _933873 |
|
| 999 |
_aA13830 _c17398 _d17398 |
||